| 000 | 00488nam a2200181Ia 4500 | ||
|---|---|---|---|
| 008 | 230711s9999||||xx |||||||||||||| ||und|| | ||
| 020 | _a978-81-317-3285-4 | ||
| 041 | _aENG | ||
| 082 |
_a372.6 _bRA-T |
||
| 100 | _aRamesh,Gopalaswamy | ||
| 245 | 4 | _aThe ACE of Soft Skills : Attitude,Communication and Etiquette for Success | |
| 250 | _a1st Ed. | ||
| 260 |
_c2010 _aNew Delhi _bPearson |
||
| 300 | _a456p. | ||
| 650 | _aCOMMUNICATION SKILL | ||
| 700 | _aRamesh,Mahadevan | ||
| 942 | _cBK | ||
| 999 |
_c7254 _d7254 |
||